50 απλά πράγματα που μπορούν να κάνουν τα παδιά για να σώσουν τη γη
Αποθηκεύτηκε σε:
| Συγγραφή απο Οργανισμό/Αρχή: | |
|---|---|
| Άλλοι συγγραφείς: | , |
| Μορφή: | Βιβλίο |
| Γλώσσα: | Greek English |
| Δημοσίευση: |
Αθήνα :
Το Ποντίκι,
c1990.
|
| Έκδοση: | 4η έκδ. |
| Θέματα: | |
| Ετικέτες: |
Προσθήκη ετικέτας
Δεν υπάρχουν, Καταχωρήστε ετικέτα πρώτοι!
|
MARC
| LEADER | 00000cam a2200000 i 4500 | ||
|---|---|---|---|
| 001 | 1/47676 | ||
| 008 | 950227s1990 gr | ||| |||| ||gre|| | ||
| 035 | |l 10043126 | ||
| 035 | |l 10010734 | ||
| 040 | |a GR-MyUA |b gre |e AACR2 | ||
| 041 | 1 | |a gre |h eng | |
| 082 | 0 | |a 363.7 | |
| 245 | 0 | 0 | |a 50 απλά πράγματα που μπορούν να κάνουν τα παδιά για να σώσουν τη γη / |c The earth works group ; εικονογράφηση Michele Montez ; μετάφραση Ρούσσος Βρανάς. |
| 246 | 3 | 3 | |a Πενήντα απλά πράγματα που μπορoύν να κάνουν τα παιδιά για να σώσουν τη γη |
| 250 | |a 4η έκδ. | ||
| 260 | |a Αθήνα : |b Το Ποντίκι, |c c1990. | ||
| 300 | |a 160 σ. ; |c 21 εκ. | ||
| 500 | |a Το Παράρτημα Λήμνου έχει την 15η έκδ. | ||
| 500 | |3 |a Τίτλος πρωτοτύπου: 50 simple things kids can do to save the earth. | ||
| 650 | 0 | 0 | |a Environmental protection |x Citizen participation. |
| 651 | 0 | |a Earth (Planet) |x Environmental aspects. | |
| 700 | 1 | |a Montez, Michele, |e ill | |
| 700 | 1 | |a Βρανάς, Ρούσσος, |e trl | |
| 710 | 2 | |a Earth Works Group (U.S.) | |
| 852 | |a INST |b LEMNOS |e 20140218 |h 363.7 EAR |p 005600000611 |q 005600000611 |t BK |y 0 | ||
| 852 | |a INST |b LESVOS |e 19950417 |h 363.7 EAR |p 005100001520 |q 005100001520 |t BK |y 0 | ||
| 852 | |a INST |b LESVOS |e 19950227 |h 363.7 EAR |p 005100002717 |q 005100002717 |t BK |y 0 | ||
| 852 | |a INST |b RHODES |e 19991008 |h 363.7 EAR |p 005400008193 |q 005400008193 |t BK |y 0 | ||
| 852 | |a INST |b RHODES |e 19991008 |h 363.7 EAR |p 005400008194 |q 005400008194 |t BK |y 0 | ||
| 852 | |a INST |b SAMOS |e 19980701 |h 363.7 EAR |p 005300011035 |q 005300011035 |t BK |y 0 | ||
| 901 | |a BIBL-1998-2 | ||
| 901 | |a BIBL6-2014-1 | ||
| 922 | |a 3ΕΛΗ |b 199709 |c Δωρεά |d Παριανός | ||
| 922 | |a 4ΕΛΗ |b 199104 |c Βιβλιοθήκη | ||
| 922 | |a 1ΔΩΡ |b 199104 | ||
| 970 | |a Χοροζίδου |b Τζένη |z 1999/10/08 | ||